000 00702nam a2200229 i 4500
001 C2-0307353
003 PPAK
005 20180728094037.0
008 110201s2008 xxu |||| ||||| | eng d
020 _a9781575422664
040 _aPPAK
_beng
_cPPAK
_erda
082 0 4 _a303.484
_223
090 0 0 _a303.484
_bBAR
_dLCK
100 1 _aLewis, Barbara A,
_eauthor
245 1 4 _aThe teen guide to global action :
_bhow to connect with others (near and far) to create social change
264 1 _aUnited States :
_bFree Spirit Publishing Inc ,
_c2008
300 _a135 pages ;
_c23 cm
336 _2rdacontent
_atext
337 _2rdamedia
_aunmediated
338 _2rdacarrier
_avolume
942 _ddc
_cB
999 _c110119
_d110119